Flaggen zu Sprachen - Statistiken

Allgemein
  • Dieses Quiz wurde 5.693 mal gespielt
  • Das Durchschnittsergebnis liegt bei 14 aus 18
Antwortstatistiken
Bildquiz Antwort % Korrekt
Englisch
99%
Japanisch
99%
Schwedisch
97%
Französisch
95%
Italienisch
94%
Deutsch
91%
Türkisch
89%
Portugiesisch
84%
Koreanisch
83%
Thai
81%
Russisch
79%
Spanisch
79%
Hebräisch
71%
Arabisch
70%
Vietnamesisch
69%
Persisch
50%
Bengali
29%
Malaiisch
20%
Keine übereinstimmenden Quizze gefunden
Verteilung der Resultate
Anzahl Personen mit jedem Resultat
Perzentil nach korrekt beantworteten Fragen
Ihre Resultats-Entwicklung
Sie haben dieses Quiz noch nicht gespielt